Sanitary Board Kuala Lumpur : peranan dan pentadbirannya, 1890-1914 /
محفوظ في:
| المؤلف الرئيسي: | |
|---|---|
| التنسيق: | أطروحة كتاب |
| اللغة: | Malay |
| منشور في: |
1993.
|
| الموضوعات: | |
| الوسوم: |
إضافة وسم
لا توجد وسوم, كن أول من يضع وسما على هذه التسجيلة!
|
| LEADER | 01449cam a2200349 a 4500 | ||
|---|---|---|---|
| 001 | u358008 | ||
| 003 | SIRSI | ||
| 008 | 940826s1993 my ab t 00 1 may m | ||
| 035 | |a ABT-6566 | ||
| 040 | |a UMM | ||
| 043 | |a a-my-wp | ||
| 090 | |a HT169 |b M42K8Ahmk | ||
| 091 | |a Microfiche 12582. | ||
| 100 | 0 | 0 | |a Ahmad Kamal Ariffin Mohd Rus. |
| 245 | 1 | 0 | |a Sanitary Board Kuala Lumpur : |b peranan dan pentadbirannya, 1890-1914 / |c Ahmad Kamal Ariffin Mohd Rus. |
| 260 | |c 1993. | ||
| 270 | 1 | |g Ahmad Kamal Ariffin Mohd Rus. |a Universiti Malaya. Fakulti Sastera dan Sains Sosial. Jabatan Sejarah. | |
| 300 | |a xxvi, 454 leaves : |b ill., maps ; |c 30 cm. | ||
| 500 | |a Also available on microfiche. Kuala Lumpur : Perpustakaan Universiti Malaya, 1996. 6 fiches : negative ; 11x15 cm. | ||
| 502 | |a Dissertation (M.A.) -- Jabatan Sejarah, Fakulti Sastera dan Sains Sosial, Universiti Malaya, 1994. | ||
| 504 | |a Bibliography: leaves 419-434. | ||
| 526 | 8 | |i 2005/06 |z AEGF6102 | |
| 610 | 2 | 0 | |a Sanitary Board Kuala Lumpur. |
| 650 | 0 | |a City planning |z Kuala Lumpur (W.P.) |x History. | |
| 650 | 0 | |a Sewage disposal |z Kuala Lumpur (W.P.) | |
| 650 | 0 | |a Sanitary engineering |z Kuala Lumpur (W.P.) | |
| 651 | 0 | |a Kuala Lumpur (W.P.) |x History. | |
| 710 | 2 | 0 | |a Universiti Malaya. |b Jabatan Sejarah. |
| 948 | |a 26/08/1994 |b 29/07/2002 | ||
| 596 | |a 1 | ||
| 900 | |a HH | ||
| 999 | |a HT169 M42K8AHMK |w LC |c 1 |i A504781259 |d 3/5/2023 |e 3/5/2023 |l STACKS |m P01UTAMA |n 235 |r Y |s Y |t TESIS |u 28/9/1994 | ||
